| 000 | 00714nam a22001817a 4500 | ||
|---|---|---|---|
| 999 |
_c19512 _d19512 |
||
| 003 | AR-CdUCM | ||
| 008 | 190517b ||||| |||| 00| 0 sp d | ||
| 040 |
_aMUNICIPALIDAD PROVINCIAL DEL CUSCO _cBIBLIOTECA MUNICIPAL DEL CUSCO |
||
| 082 |
_a351.89 / _bD779 |
||
| 100 |
_aDrucker, Peter F. _912377 |
||
| 245 |
_aLas fronteras de la administración : _bdonde las decisiones del mañana cobran forma hoy / |
||
| 260 |
_aMexico : _bSudamericana, _c1988. |
||
| 300 |
_a350 páginas ; _c22 cm. |
||
| 505 | _aLa economía de productos peruanos -- Que significa la desindustrialización --La maquina de empleos empresarios en EE.UU. | ||
| 650 |
_aAdministración económica. _910542 |
||
| 942 |
_2ddc _cLIBROS |
||
| 945 | _awf | ||